A Brief History of the Economy (Record no. 1851372)

MARC details
000 -LEADER
fixed length control field 00432 a2200169 4500
005 - DATE AND TIME OF LATEST TRANSACTION
control field 20260514123941.0
008 - FIXED-LENGTH DATA ELEMENTS--GENERAL INFORMATION
fixed length control field 260514b |||||||| |||| 00| 0 eng d
020 ## - INTERNATIONAL STANDARD BOOK NUMBER
International Standard Book Number 9781509568307
040 ## - CATALOGING SOURCE
Transcribing agency SDCL
041 ## - LANGUAGE CODE
Source of code eng
Language code of text/sound track or separate title eng
084 ## - COLON CLASSIFICATION NUMBER
Classification number Xv1'P R6
100 ## - MAIN ENTRY--PERSONAL NAME
Personal name Cohen, Daniel
245 ## - TITLE STATEMENT
Title A Brief History of the Economy
260 ## - PUBLICATION, DISTRIBUTION, ETC.
Place of publication, distribution, etc. Cambridge :
Name of publisher, distributor, etc. Polity Press,
Date of publication, distribution, etc. 2025.
300 ## - PHYSICAL DESCRIPTION
Extent xiii, 102p.
942 ## - ADDED ENTRY ELEMENTS (KOHA)
Koha item type Textual
Source of classification or shelving scheme Colon Classification (CC)
100 ## - MAIN ENTRY--PERSONAL NAME
-- 1240064
999 ## -
-- 1851372
-- 1851372
Holdings
Withdrawn status Lost status Source of classification or shelving scheme Damaged status Not for loan Home library Current library Date acquired Source of acquisition Cost, normal purchase price Inventory number Total checkouts Full call number Barcode Date last seen Cost, replacement price Price effective from Koha item type
    Colon Classification (CC)     South Campus Library South Campus Library 2026-05-13 30 1467.68 166 & 29/01/2026   Xv1'P R6 SC1692197 2026-05-13 1834.60 2026-05-13 Textual
Copyright @ Delhi University Library System